Novela de Rinconete y Cortadillo (Record no. 43502)

MARC details
000 -LEADER
campo de control de longitud fija 01025nam a2200265 i 4500
001 - NÚMERO DE CONTROL
campo de control 43502
003 - IDENTIFICADOR DE NÚMERO DE CONTROL
campo de control ES-MaACL
005 - FECHA Y HORA DE LA ÚLTIMA TRANSACCIÓN
campo de control 20240224062533.0
007 - CAMPO FIJO DE DESCRIPCIÓN FÍSICA--INFORMACIÓN GENERAL
campo de control de longitud fija t|
008 - DATOS DE LONGITUD FIJA--INFORMACIÓN GENERAL
campo de control de longitud fija 030318s1984 sp ||||1| spa d
100 1# - ENTRADA PRINCIPAL--NOMBRE DE PERSONA
Nombre de persona Cervantes Saavedra, Miguel de,
Fechas asociadas al nombre 1547-1616
9 (RLIN) 226514
245 10 - MENCIÓN DEL TÍTULO
Título Novela de Rinconete y Cortadillo
Resto del título : ; Novela del zeloso estremeño /
Mención de responsabilidad, etc. Miguel de Cervantes Saavedra ; reproducción facsimilar cuidada y prologada por Felipe B. Pedraza Jiménez.
260 ## - PUBLICACIÓN, DISTRIBUCIÓN, ETC.
Lugar de publicación, distribución, etc. Aranjuez :
Nombre del editor, distribuidor, etc. Ara-Iovis,
Fecha de publicación, distribución, etc. 1984.
300 ## - DESCRIPCIÓN FÍSICA
Extensión 61 p., XVI, 71 p., XVIII, 74 p. ;
Dimensiones 17 cm.
490 1# - MENCIÓN DE SERIE
Mención de serie Oro viejo ;
Designación de volumen o secuencia 001
500 ## - NOTA GENERAL
Nota general Reprod. facs. de la ed. del Gabinete de lectura española, nº IV y V, Madrid: Antonio Fernández, 1788.
500 ## - NOTA GENERAL
Nota general Ejemp. nº 902 de una tirada de 999.
655 #7 - TERMINO DE INDIZACIÓN--GENERO/FORMA
Fuente del término tgfbne
9 (RLIN) 226495
Datos o término principal de género/forma Facsímiles
700 1# - ENTRADA AGREGADA--NOMBRE PERSONAL
Nombre de persona Pedraza Jiménez, Felipe B.
9 (RLIN) 89890
740 3# - ENTRADA AGREGADA--TÍTULO RELACIONADO/ANALÍTICO NO CONTROLADO
Título relacionado o analítico no controlado El celoso extremeño.
830 0# - PUNTO DE ACCESO ADICIONAL DE SERIE-TÍTULO UNIFORME
Título uniforme Oro viejo ;
Designación de volumen o secuencia 001
9 (RLIN) 181989
852 ## - LOCALIZACIÓN
Ubicación ES-MaACL
Número de control de estantería L-10738
942 ## - ELEMENTOS DE ENTRADA SECUNDARIOS (KOHA)
Fuente del sistema de clasificación o colocación Clasificación decimal universal
Holdings
Estatus retirado Estado de pérdida Estado de daño No para préstamo Biblioteca de origen Biblioteca actual Ubicación en estantería Fecha de adquisición Fuente de adquisición Total de préstamos Signatura topográfica completa Código de barras Visto por última vez Precio de reemplazo Tipo de ítem Koha
        Biblioteca del Ateneo de Madrid Biblioteca del Ateneo de Madrid Depósito 2 17/01/2008     L-10738 1045797 23/02/2023 23/02/2023 Libro impreso